000
00255nam a22000977a 4500
008
240220b |||||||| |||| 00| 0 eng d
082
_a
920.72
_b
F74m
100
1
0
_a
Frigeri, Flavia
_e
autor
_9
43468
245
_a
Mujeres artistas /
_c
Flavia Frigeri
942
_2
ddc
999
_c
30666
_d
17050